000 00921nam a22002537a 4500
003 OSt
005 20250813060637.0
006 a
008 240624b |||||||| |||| 00| 0 eng d
020 _a9781556203213
040 _aDWCL- Main Lib.
_cOC
082 _aCirc. 174.945 H549a 2015
100 _aHerlihy, Barbara
245 _aACA ethical standard casebook /
_bBarbara Herlihy & Gerlad Corey
250 _aSeventh edition
260 _aStevenson Avenue Suite :
_bAmerican Counseling Association,
_cc2015.
300 _axviii, 371 pages :
_billustrations ;
_c24cm.
504 _aIncludes bibliographical references.
650 _a1. American Counseling Association
650 _a2. Counseling standards --- United States --- Practice Guidelines.
650 _a3. Ethical Professional --- United States --- Practice guidelines.
700 _aCorey, Gerlad
942 _2ddc
_cBK-CIRC
_kCirc.
_n0
_eSeventh edition
999 _c1172
_d1172